Guidence and Counselling in colleges and universities (Record no. 311780)
[ view plain ]
| 000 -LEADER | |
|---|---|
| fixed length control field | 00226 a2200097 4500 |
| 001 - CONTROL NUMBER | |
| control field | 76707 |
| 082 ## - DEWEY DECIMAL CLASSIFICATION NUMBER | |
| Classification number | 620.4KOC |
| 090 ## - LOCALLY ASSIGNED LC-TYPE CALL NUMBER (OCLC); LOCAL CALL NUMBER (RLIN) | |
| -- | 39226 |
| -- | 39226 |
| 100 ## - MAIN ENTRY--PERSONAL NAME | |
| Personal name | Kochhar |
| 245 ## - TITLE STATEMENT | |
| Title | Guidence and Counselling in colleges and universities |
| 942 ## - ADDED ENTRY ELEMENTS (KOHA) | |
| Institution code [OBSOLETE] | CAENUST |
| Call number prefix | 370.4KOC |
| Withdrawn status | Lost status | Damaged status | Not for loan | Collection code | Permanent Location | Current Location | Date acquired | Total Checkouts | Full call number | Barcode | Date last seen | Price effective from | Koha item type |
|---|---|---|---|---|---|---|---|---|---|---|---|---|---|
| College of Aeronautical Engineering (CAE) | College of Aeronautical Engineering (CAE) | 04/03/2017 | 370.4KOC | CAE70501 | 04/05/2017 | 04/05/2017 | Book |
